000 00854nam a22002297a 4500
999 _c13600
_d13600
003 AR-CdUCM
008 190415b ||||| |||| 00| 0 spa d
040 _aMUNICIPALIDAD PROVINCIAL DEL CUSCO
_cBIBLIOTECA MUNICIPAL DEL CUSCO
082 _a869.56 /
_bB52
110 _aBiblioteca campesina
_932066
245 _aLa campana del muyoc y ortos cuentos /
260 _aLima :
_bTarea,
_c1983.
300 _a29 páginas ;
_bIlustraciones,
_c21 cm.
440 _aFascículo ;
_n2
_932067
505 _aContenido: La campana del muyoc que llama a los vientos del velo -- Cuentos del chusco o estrella -- Juan sin miedo -- Cerro el urpo ...
650 _aLiteratura peruana
_9169
650 _aCuentos
_943989
650 _aTradición popular
_910285
710 _aBibliotecas rurales Cajamarca
_932068
942 _2ddc
_cFOLLETOS
945 _aacv
_d2019-04-15